000 01137nam a2200301Ia 4500
003 OSt
005 20221007123433.0
006 a|||||r|||| 00| 0
007 ta
008 221006b |||||||| |||| 00| 0 eng d
020 _a8178086913 (pbk)
_cRs.250.00
024 _a11200
037 _bN R,
_cTextual
040 _aPAPL
_cPAPL
_beng
041 _2eng
_aeng
082 _aD65, L9;P0;3
100 _aStreetman Ben G
_9471349
245 0 _aSolid state electronic devices by Ben G Streetman and Sanjay Banerjee
_b Banerjee Sanjay
250 _aEd 5
260 _aDelhi
_bPearson Education (Singapore)Pvt. Ltd.
_c2000
300 _axviii, 558p
_ccm.
500 _a (Reprinted in 2003); ; Appendix I-IX, 519-541p; Index 543-558p; ^n23/CSL/CARPA/2003-2004/984^d2003-11-10^mPurchase; ; 2003-04/536^b2003-12-03^c167/03^d2003-11-24^eRs.4,321.00^fN R Book Distributors; ; 2003-01-19^bSB^c2003-01-19^dVinay
650 _a Electronic
_9717116
650 _aEngineering
700 _a Banerjee Sanjay
942 _hD65, L9;P0;3
_cTEXL
_2CC
999 _c1211881
_d1211881